Daň vyberaná zrážkou po novom

Príspevok je zameraný na výklad tých ustanovení nového Zákona o daniach z príjmov, s účinnosťou od 1. 1. 2004, ktoré súvisia s daňou vyberanou zrážkou.

Na minha lista:
Detalhes bibliográficos
Autor principal: Oláh, Eduard
Formato: Capítulo de Livro
Idioma:eslovaco
Assuntos:
Tags: Adicionar Tag
Sem tags, seja o primeiro a adicionar uma tag!

MARC

LEADER 00000naa$a2200000$$$4500
001 0004850
005 20230919094504.4
041 0 |a slo 
044 |a SK 
245 1 0 |a Daň vyberaná zrážkou po novom  |c aut. Eduard Oláh 
520 |a Príspevok je zameraný na výklad tých ustanovení nového Zákona o daniach z príjmov, s účinnosťou od 1. 1. 2004, ktoré súvisia s daňou vyberanou zrážkou. 
610 2 0 |a dane z príjmov 
610 2 0 |a dane zrážkové 
610 2 0 |a 2004 
100 1 |a Oláh, Eduard